00570nam a2200181 450000500170000000800410001701000130005802000220007103500130009303700150010604000180012108200080013924500550014726000420020227000730024430000210031765000500033820090922113634.0700624s1969 ii b 000 0 eng  aB-358134 a8178123401c30.00 aB-358134 bDBAD / PUB adplbEnglish  a921 aReader's delight biography of Rabindranath Tagore  aNew Delhi bReader's Delight c(200?) a12-H, New Daryaganj Road, Opp. Traffic Kotwali, bNew Delhi e110002 a55p.c22cm(pbk)  aTagore, Rabindranath, d1861-1941xBiography